Statistiques concernant Culture G commençant par K

Cliquez ici pour prendre le quiz!

Statistiques générales

  • Ce quiz a été pris 160 fois
  • Le résultat moyen est 17 sur 31

Statistiques - réponses

QuestionRéponse% Correct
Mot palindrome désignant un sport nautique, ou un site de réservationKayak
93%
Fruit qui a le nom d'une couleurKaki
88%
Marque de chocolat ou traduction du mot enfant en allemandKinder
83%
Emission célèbre sur TF1 présentée par Denis BrogniartKoh-Lanta
82%
Prénom le plus porté dans la péninsule coréenneKim
73%
Pays d'OcéanieKiribati
73%
Protéine présente dans la structure de cheveuKératine
71%
Marque de céréale pour le petit déjeunerKellogg's
70%
Montagne dont le nom contient une lettre et un chiffreK2
69%
Handballeur franco-serbe triple champion olympiqueNikola Karabatic
66%
Ensemble architectural complexe au sein d'une forteresse a MoscouKremlin
64%
On débute souvent par ce sport avant de passer en monoplaceKarting
63%
Ballon d'or 2007 d'origine brésilienneKaka
59%
Sport pratiqué par un pandaKung-fu
59%
Marque d'appareil photoKodak
57%
Empire provenant du CambodgeKhmer
55%
Spécialité bretonne avec sucre et beurreKouign-amann
53%
Personne d'une témérité suicidaireKamikaze
52%
Sauce composée de sucre, de vinaigre et de tomateKetchup
52%
Chanteur dont son premier tube fut Marly-GomontKamini
47%
Capitale de l'OugandaKampala
46%
Grande ville du Pakistan sur la côteKarachi
38%
Fruit orange né en Extrême OrientKumquat
37%
Nommer soit le directeur de Durmstrang soit l'élève qui participe au tournoi des trois sorciers dans Harry PotterIgor Karkaroff / Viktor Krum
36%
Spécialité alsacienne avec des raisinsKouglof
36%
Elle chante No OneAlicia Keys
33%
Alcool connu né à FougerollesKirsch
33%
Instrument optique qui change suivant la luminositéKaléidoscope
31%
Nom de l'actrice qui a joué dans Pirates des CaraïbesKeira Knightley
30%
Lieu sacré en Arabie SaouditeKaaba
25%
Chanteur du groupe allemand Tokio HotelBill Kaulitz
8%

Distribution des résultats

Percentile par nombre de réponses

% des personnes avec chaque résultat

Votre développement - résultats

Vous n’avez pas pris ce quiz